| 000 | 01352cam a2200373 a 4500 | ||
|---|---|---|---|
| 001 | 6037 | ||
| 003 | FISKH | ||
| 005 | 20250303115344.0 | ||
| 008 | 100621s2011 nyua b 000 1 eng | ||
| 010 | _a 2010022977 | ||
| 020 | _a9780061430039 (trade bdg.) | ||
| 020 | _a9780061430022 (pbk. bdg.) | ||
| 020 | _a9780545402767 | ||
| 040 |
_aDLC _cDLC _dDLC _beng |
||
| 050 | _aPZ7.G84568 F | ||
| 082 | _a813.6 | ||
| 100 | 1 | _aGreenhut, Josh | |
| 245 | 1 | 4 |
_aThe flying chinese wonders / _ccreated by Jeff Brown ; written by Josh Greenhut ; pictures by Macky Pamintuan. |
| 250 | _aThis edition first published in 2011 | ||
| 260 |
_aNew York : _bScholastic, _c2011. |
||
| 300 |
_a81 pages : _billustrations ; _c20 cm |
||
| 490 | 0 |
_aFlat Stanley's worldwide adventures ; _vbk. #7 |
|
| 505 | _aR | ||
| 520 | _aWhen he inadvertently injures a Chinese acrobat performing at his school auditorium, Stanley travels with the brother and sister duo to Beijing where he trains to perform for the president of China. | ||
| 521 |
_a670
_bLexile |
||
| 521 |
_aR
_bRaz-Plus |
||
| 650 | 1 |
_aAcrobatics _vFiction. |
|
| 650 | 1 |
_aAdventure and adventurers _vFiction. |
|
| 700 | 1 |
_aBrown, Jeff, _d(1926-2003) |
|
| 700 | 1 |
_aPamintuan, Macky _dillustrator |
|
| 906 |
_a7 _bcbc _corignew _d1 _eecip _f20 _gy-gencatlg |
||
| 942 |
_2ddc _cBK _n0 |
||
| 999 |
_c6037 _d6037 |
||